000 00417nam a2200157Ia 4500
003 GCL
040 _aGCL /
_cGCL
082 0 4 _a892.76
_bN D
100 1 _aNAGUIB MAHFOUZ
245 1 0 _aDER DIEB UND DIE HUNDE /
_cNAGUIB MAHFOUZ
260 _a[S.N] :
_bTHE AMERICAN UNIVERSITY IN CAIRO PRESS ،
_c1993
300 _a150 PP ؛
_c25 cm.
650 0 4 _aARABIC LITERATURE
650 0 4 _aARABIC FICTION
942 _2ddc
_cBK
999 _c18495
_d18495